000 00759nam a22001815i 4500
001 160912
003 ES-MaACL
005 20251014063233.0
008 991210s1888 sp |||| | spa d
040 _aCCPB | B
_bspa
_cCCPB | B
100 1 _aOlavide, José Eugenio de,
_d1836-1901
_986674
245 1 0 _aDiscurso leído en la solemne sesión inaugural del año de 1888 en la Real Academia de Medicina por José Eugenio Olavide.
260 _aMadrid :
_b[s.n.],
_c1888 (
_fEstablecimiento tipográfico de Enrique Teodoro)
300 _a36 p. ;
_c27 cm.
710 2 1 _aReal Academia de Medicina de Madrid
_96318
852 _aES-MaACL
_jT-449-F-15
_z-- Enc. hol.
_q-- Falto de la cub. original
_z-- Enc. en un vol. facticio
999 _c160912
_d160912